000 00362nam a22001457a 4500
003 LK-CoDNM
005 20240812095642.0
008 240812b |||||||| |||| 00| 0 eng d
040 _aLK-CoDNM
_dLK-CoDNM
_eLK-CoDNM
080 _a10
_bNP
100 _aSEELEY J.R
245 _aTHE GROWTH OF BRITISH POLICY ( VOL II )
300 _a403P. ; 20CM
942 _cBK
999 _c147079
_d147079